Tilastot visalle Yksikirjaimiset alkuaineiden kemialliset merkit

Klikkaa tästä pelataksesi tätä visaa!

Yleistilastot

  • Tätä visaa on pelattu 849 kertaa
  • Keskiarvotulos 10 / 14

Vastaustilastot

MerkkiAlkuaine% Oikein
OHappi
97%
HVety
93%
CHiili
92%
NTyppi
89%
KKalium
88%
PFosfori
79%
SRikki
79%
UUraani
77%
BBoori
76%
IJodi
76%
FFluori
71%
WVolframi
39%
YYttrium
36%
VVanadiini
30%

Tulosjakauma

Persentiili vastausten määrän mukaan

Jokaisen tuloksen saaneiden osuus

Tuloshistoriasi

Et ole pelannut tätä visaa